000
00204nam a22000857a 4500
008
170121b xxu||||| |||| 00| 0 eng d
100
_9
2526
_a
Jain.S.K.
245
_a
Science-7
260
_a
New Delhi
_b
Prachi
_c
2015
999
_c
5611
_d
5611